000 00515nam a2200217Ia 4500
003 OSt
005 20250711112139.0
008 210210b2004 xxu||||| |||| 00| 0 eng d
020 _a0198524986
040 _cAL
041 _aeng
082 _a620.8 BAIB
100 _aWilliam Bains
_9210183
245 _aBiotechnology from A to Z Ed 3
250 _a3
260 _aOxford
_bOxford University Press
_c2004
300 _axii,413p.
690 _aBiotechnology
_9210188
906 _a061793
942 _2ddc
_cBK
999 _c115695
_d115695